Электротехника и электроника: учебник для бакалавров

Podrobná bibliografie
Hlavní autor: Кузовкин В. А. Владимир Александрович
Korporativní autor: Московский государственный технологический университет "Станкин" (МГТУ)
Další autoři: Филатов В. В. Владимир Витальевич
Shrnutí:Приведены физические основы электромагнитных явлений; рассмотрены электрические и магнитные параметры материальных сред и их влияние на характеристики электромагнитного поля. Показаны способы математического, электродинамического и схемотехнического описания электротехнических и электронных устройств. Приведены принципы компьютерного моделирования электрических устройств, а также описания типовых программных комплексов. Соответствует Федеральному государственному образовательному стандарту высшего профессионального образования третьего поколения. Для студентов высших учебных заведений, обучающихся по инженерно-техническим направлениям и специальностям.
Jazyk:ruština
Vydáno: Москва, Юрайт, 2013
Edice:Бакалавр. Углубленный курс
Témata:
Médium: MixedMaterials Kniha
KOHA link:https://koha.lib.tpu.ru/cgi-bin/koha/opac-detail.pl?biblionumber=233980

MARC

LEADER 00000nam0a2200000 4500
001 233980
005 20231101231302.0
010 |a 9785991619554 
035 |a (RuTPU)RU\TPU\book\255064 
090 |a 233980 
100 |a 20130314d2013 m y0rusy50 ca 
101 0 |a rus 
102 |a RU 
105 |a a j 001zy 
200 1 |a Электротехника и электроника  |e учебник для бакалавров  |f В. А. Кузовкин, В. В. Филатов  |g Московский государственный технологический университет "Станкин" (МГТУ) 
210 |a Москва  |c Юрайт  |d 2013 
215 |a 431 с.  |c ил. 
225 1 |a Бакалавр. Углубленный курс 
320 |a Библиогр.: с. 431. 
330 |a Приведены физические основы электромагнитных явлений; рассмотрены электрические и магнитные параметры материальных сред и их влияние на характеристики электромагнитного поля. Показаны способы математического, электродинамического и схемотехнического описания электротехнических и электронных устройств. Приведены принципы компьютерного моделирования электрических устройств, а также описания типовых программных комплексов. Соответствует Федеральному государственному образовательному стандарту высшего профессионального образования третьего поколения. Для студентов высших учебных заведений, обучающихся по инженерно-техническим направлениям и специальностям. 
452 1 |0 (RuTPU)RU\TPU\book\264171  |t Электротехника и электроника  |o учебник для бакалавров  |f В. А. Кузовкин, В. В. Филатов  |c Москва  |n Юрайт  |d 2013  |p 1 Мультимедиа CD-ROM  |s Электронные учебники издательства Юрайт  |a Кузовкин, В. А. 
606 1 |a Электротехника общая  |2 stltpush  |3 (RuTPU)RU\TPU\subj\20906  |9 45967 
606 1 |a Электроника  |2 stltpush  |3 (RuTPU)RU\TPU\subj\20310  |9 45419 
610 1 |a электромагнитные устройства 
610 1 |a электрические устройства 
610 1 |a линейные цепи 
610 1 |a периодические процессы 
610 1 |a частотный анализ 
610 1 |a нелинейные цепи 
610 1 |a установившиеся процессы 
610 1 |a расчет 
610 1 |a магнитные системы 
610 1 |a переходные процессы 
610 1 |a анализ 
610 1 |a динамические режимы 
610 1 |a дискретно-аналоговые устройства 
610 1 |a цифровые цепи 
610 1 |a электрическая энергия 
610 1 |a линии передачи 
610 1 |a электронные устройства 
610 1 |a элементная база 
610 1 |a логические элементы 
610 1 |a запоминающие устройства 
610 1 |a цифровые устройства 
610 1 |a комбинационные узлы 
610 1 |a микропроцессорные системы 
610 1 |a микропроцессорные элементы 
610 1 |a силовые электронные устройства 
610 1 |a оптоэлектронные системы 
610 1 |a электроизмерительные приборы 
610 1 |a автоматические системы 
610 1 |a электроприводы 
610 1 |a электроэнергетические системы 
610 1 |a электроснабжение 
610 1 |a учебные пособия 
675 |a 621.3(075.8)  |v 3 
675 |a 621.38(075.8)  |v 3 
700 1 |a Кузовкин  |b В. А.  |g Владимир Александрович 
701 1 |a Филатов  |b В. В.  |g Владимир Витальевич 
712 0 2 |a Московский государственный технологический университет "Станкин" (МГТУ)  |c (1992- )  |2 stltpush  |3 (RuTPU)RU\TPU\col\410 
801 1 |a RU  |b 63413507  |c 20130314 
801 2 |a RU  |b 63413507  |c 20150604  |g RCR 
942 |c BK 
959 |a 45/20130225  |d 5  |e 359,00  |f ЧЗТЛ:1  |f АНЛ:1  |f УФ:3